Gwiazdy lat 60. XX wieku według zdjęć #1 - Statystyki

Ogólne statystyki
  • Ten quiz został rozwiązany 32 razy
  • Średni wynik to 8 z 16
Statystyki odpowiedzi
Obrazkowy Odpowiedź % Poprawnych
Bruce Lee
96%
John F. Kennedy
96%
John Lennon
89%
Muhammad Ali
78%
Clint Eastwood
74%
Che Guevara
67%
Yoko Ono
67%
Janis Joplin
52%
Kirk Douglas
41%
Bob Dylan
37%
Art Garfunkel
33%
Ray Charles
30%
Peter Sellers
11%
Julie Andrews
7%
Andy Griffith
0%
Mary Tyler Moore
0%
Nie znaleziono quizów pasujących do podanych kryteriów
Rozkład punktacji
Procent ludzi z każdym wynikiem
Percentyl według liczby udzielonych odpowiedzi
Twoja historia wyników
Nie rozwiązałeś tego quizu